000 01279nam a22003617a 4500
003 CHAP
005 20220329143440.0
008 090930s1999 mx r 00010 spa d
010 _a96799
011 _a97771
035 _a108442
040 _cCHAP
090 _aTesis
100 0 0 _aSantacruz de León, Germán.
_9102260
245 1 0 _aTratamiento de agua contaminada por plaguicidas a través de un filtro sumergido aerobico
_c/por Germán Santacruz de Léon
260 _aZacatenco, D.F. :
_bEl autor,
_c1999
300 _axi, 116 h. :
_bgráfs. , tablas
502 _aTesis (M. C. Esp. en Ingeniería Ambiental) -- IPN. Escuela Superior de Ingeniería y Arquitectura
590 _aALEPH
_b10
_c20130110
_lUCH01
_h1530
590 _aBATCH-UPD
_b10
_c20130110
_lUCH01
_h0940
590 _aBATCH-UPD
_b10
_c20130410
_lUCH01
_h0557
590 _aBATCH-UPD
_b10
_c20130914
_lUCH01
_h0312
590 _aCONVERSION
_b10
_c20130109
_lUCH01
_h1353
650 1 4 _aAgua
_xContaminación.
_92351
650 1 4 _aBiodegradación.
_912723
650 1 4 _aFiltros.
_940921
650 1 4 _aPesticidas.
_987536
650 1 4 _aPseudomonas fluorencens.
_992572
901 _aBK
911 _aen proceso
942 _cTESIS
949 _aTesis
_bBC
_cTES
_d33724002130116
_eTS1
_gDonaciØn
_h49582
_i108442
_sb
999 _c96799
_d96799